000 01972nam a2200529 i 4500
001 28037
003 KOSZ 005
005 20210519125443.0
008 990421s1983 pl a f |000 0 pol
015 _aUWD 1983/6671
020 _a8301043008
035 _a991009959529705066
035 _a(PL-WaBN)b12718312-48omnis_nlop
035 _ab12718312
035 _a(OCoLC)830201488
035 _a(PL)b0000001271831
035 _a(EXLNZ-48OMNIS_NETWORK)9910389244705606
040 _aWA N
_cWA N
_dKR U
_dKOSZ 005/HR
041 0 _apol
041 0 _apol
_brus
_beng
_bger
046 _k1983
080 _a621.51/.54
080 _a532
245 0 0 _aSprężarki promieniowe, zagadnienia przepływowe.
_nCz. 1,
_pTeoria i badania przepływu przez promieniowe dyfuzory łopatkowe /
_c[pod red. Edmunda Tuliszki ; zespół aut. E. Tuliszka et al.] ; Polska Akademia Nauk. Oddział w Poznaniu.
246 3 0 _aTeoria i badania przepływu przez promieniowe dyfuzory łopatkowe
260 _aWarszawa ;
_aPoznań :
_bPaństwowe Wydawnictwo Naukowe,
_c1983.
300 _a105, [3] s. :
_brys., wykr. ;
_c24 cm.
336 _aTekst
_btxt
_2rdacontent
337 _aBez urządzenia pośredniczącego
_bn
_2rdamedia
338 _aWolumin
_bnc
_2rdacarrier
380 _aKsiążki
380 _aPublikacje naukowe
388 _a1901-2000
388 _a1945-1989
490 1 _aMechanika i Budownictwo,
_x0137-6497 ;
_vt. 10
504 _aBibliogr. s. 99-104.
546 _aStreszcz. ros., ang., niem.
650 7 _aPrzepływ
_2DBN
650 7 _aSprężarki promieniowe
658 _aInżynieria i technika
700 1 _aTuliszka, Edmund
_d(1920-2006)
_eAutor
_eRedakcja
710 2 _aPaństwowe Wydawnictwo Naukowe
_4pbl
830 0 _aMechanika i Budownictwo
_vt. 10
856 _uhttp://koha.tu.koszalin.pl/cgi-bin/koha/opac-detail.pl?biblionumber=28037
_yKatalog online BPK
942 _2UKD
_cKS
999 _c28037
_d28037